Statistics for Women's Tennis: Most Singles Titles (Open Era)

Click here to take the quiz!

General Stats

  • This quiz has been taken 69 times
  • The average score is 7 of 10

Answer Stats

Number of TitlesPlayer% Correct
167Martina Navratilova
91%
73Serena Williams
91%
107Steffi Graf
86%
92Margaret Court
77%
157Chris Evert
75%
53Monica Seles
72%
67Billie Jean King
65%
55Lindsay Davenport
61%
68Evonne Goolagong
37%
55Virginia Wade
26%

Score Distribution

Percentile by Number Answered

Percent of People with Each Score

Your Score History

You have not taken this quiz